00510nam a22001337a 4500003000500000038001700005082001600022100002600038245012900064260003200193300002200225500007300247856005600320NUST aZafar Iqbal. aMSIT-12 SHE aMuhammad Sheraz Anjum aAutomatic formulation of SQL group by and HAVING statements using the ontology driven relational query formulation framework aIslamabadbNUST-SEECSc2015 a113p.eCD Include aSupervisors: Dr. Kamran Munir, Dr. Sharifullah Khan, Dr. Noman Javed uhttp://10.250.8.41:8080/xmlui/handle/123456789/9975